00469nam a22001457a 4500020002200000082001500022100002300037245005600060260003000116300000800146650003300154942000700187952011200194999001700306 a978-0-7189-0222-3 a181.07 HOU aHourani, George F. aAverroes On the Harmony of Religion and Philosophy  aOxfordbOxbow Booksc2015 a128 aPhilosophy-Islamic-Ibn Rushd cBK 00104070aHMIbHMIcGENd2017-10-23eAmazonl1o181.07 HOUp25361r2018-02-13s2017-10-27w2017-10-23yBK c20670d20670